[Event "Carlos Torre Memorial op 33rd"]
[Site "Merida"]
[Date "2023.12.16"]
[Round "3"]
[White "Santos Sagastume, Paolo Andres"]
[Black "Leal Escamilla, Daniel Zinedine"]
[Result "1-0"]
[WhiteElo "1749"]
[BlackElo "1860"]
[PlyCount "47"]
[EventDate "2023.12.15"]
[EventType "swiss"]
[EventRounds "9"]
[EventCountry "MEX"]
[SourceTitle "CB52_2023"]
[SourceDate "2023.12.27"]
[SourceVersion "1"]
[SourceVersionDate "2023.12.27"]
[SourceQuality "1"]

1. e4 e6 2. Qe2 e5 3. c3 Nc6 4. g3 Bc5 5. Nf3 d6 6. Bg2 a6 7. 0-0 Nf6 8. d3 h6 9. Be3 0-0 10. Nbd2 Qe7 11. h3 Re8 12. Bxc5 dxc5 13. Nc4 b5 14. Ne3 g6 15. Nh2 Qd6 16. Rad1 Be6 17. f4 Bxa2 18. fxe5 Rxe5 19. Neg4 Nxg4 20. Nxg4 Re6 21. Nxh6+ Kg7 22. Qe3 Re5 23. Ng4 Re7 24. Qh6+ 1-0

[Event "Pan American-ch U10"]
[Site "Santiago de Chile"]
[Date "2018.07.22"]
[Round "1"]
[White "Santos Sagastume, Paolo Andres"]
[Black "Lavandeira, Juan Facundo"]
[Result "0-1"]
[WhiteElo "1047"]
[BlackElo "1449"]
[PlyCount "86"]
[EventDate "2018.07.22"]
[EventType "swiss"]
[EventRounds "9"]
[EventCountry "CHI"]
[SourceTitle "EXT 2022"]
[Source "ChessBase"]
[SourceDate "2021.10.06"]
[SourceVersion "1"]
[SourceVersionDate "2021.10.06"]
[SourceQuality "1"]

1. e4 Nf6 2. e5 Nd5 3. d4 d6 4. exd6 exd6 5. Bc4 Nb6 6. Bb3 Be7 7. Nc3 Nc6 8. Nge2 0-0 9. 0-0 Bf6 10. Be3 Re8 11. Re1 Bg4 12. Qd2 Bxe2 13. Nxe2 Qd7 14. h3 Rad8 15. c3 Bh4 16. Bg5 Bxg5 17. Qxg5 Qe7 18. Qxe7 Rxe7 19. Ng3 Rde8 20. Kf1 Na5 21. Nf5 Rxe1+ 22. Rxe1 Rxe1+ 23. Kxe1 g6 24. Ne3 Nxb3 25. axb3 Kg7 26. Ke2 a5 27. Nc4 Nxc4 28. bxc4 Kf6 29. Ke3 Kg5 30. Kf3 f5 31. g3 c6 32. h4+ Kf6 33. Kf4 b5 34. cxb5 cxb5 35. d5 h6 36. f3 g5+ 37. hxg5+ hxg5+ 38. Ke3 Ke5 39. g4 fxg4 40. fxg4 Kxd5 41. Kd3 a4 42. Ke3 Kc4 43. Kd2 b4 0-1